Mots difficiles ou rares de la langue française n°1 - Statistiques

Statistiques générales
  • Ce quiz a été pris 47 fois
  • Le résultat moyen est 2 sur 12
Answers on the Grid
Answers color-coded by a green-red scale on the quiz's grid according to % correct below.
Aberler
Agelaste
Berduire
Caroncule
Chleuasme
Coccygien
Coruscant
Demigyre
Dirimant
Exigyme
Faichoud
Ignivome
Jorlinien
Labile
Noctadure
Objurgation
Périphonie
Praséodyme
Québrieux
Sercocéphale
Sylophoque
Wagage
Ysampre
Zoïle
 
Statistiques - réponses
Réponse % Correct
Praséodyme
41%
Coruscant
36%
Chleuasme
31%
Labile
28%
Objurgation
26%
Caroncule
18%
Coccygien
13%
Zoïle
13%
Agelaste
5%
Dirimant
5%
Ignivome
5%
Wagage
0%
Aucun quiz correspondant
Distribution des résultats
% des personnes avec chaque résultat
Percentile par nombre de réponses
Votre historique - résultats
Vous n’avez pas pris ce quiz